| 000 | 00717nam a22002177a 4500 | ||
|---|---|---|---|
| 999 |
_c16934 _d16934 |
||
| 003 | AR-CdUCM | ||
| 008 | 190506b ||||| |||| 00| 0 spa d | ||
| 040 |
_aMUNICIPALIDAD PROVINCIAL DEL CUSCO _cBIBLIOTECA MUNICIPAL DEL CUSCO |
||
| 082 |
_a940.54 / _bG53 |
||
| 100 |
_aGiskes, H. J. _936688 |
||
| 245 |
_aLa burla maestra de la guerra : _b(Espías contra espías) / |
||
| 260 |
_aBuenos Aires : _bAmericana, _c1954. |
||
| 300 |
_a195 páginas ; _c21 cm. |
||
| 505 | _aContenido : Verano de 1941 -- Operación polo norte -- El drama ... | ||
| 650 |
_aHistoria _9136 |
||
| 650 |
_aGuerra _91007 |
||
| 650 |
_aEspías _936689 |
||
| 700 |
_aJasca, Adolfo _936690 |
||
| 942 |
_2ddc _cLIBROS |
||
| 945 |
_arah _d06/05/2019 |
||